01646nam a2200373 a 4500001001000000003000500010005001700015008004100032010001100073011001100084040000900095090001000104100005100114245022700165260004100392500006000433502011200493590002800605590002800633590002700661590002700688590002700715590002700742650003100769650003200800650004200832856007000874901000700944942001500951942001100966999001900977952013600996952014001132000109445CHAP20260424144248.0140429s1985 mx a sm |||||||spa d a105907 a106879 cCHAP aTesis1 aVázquez Lizárraga, Jesús Enrique912667410aRelación entre la precipitación y el balance de humedad con la producción de fríjol (phaseolus vulgaris L.) en el margen derecha del río Santiago, Nayarith[En línea]cpor Jesús Enrique Vázquez Lizárraga. aChapingo, Méx. :bEl autor,c1985. aPara ver el contenido del material haga clic en la liga aTesis (Ing. Agr. Esp. en Suelos) -- UACH. Departamento de Enseñanza, Investigación y Servicio en Suelos aBATCH-UPDb10c20141002 aE11695DGDb10c20140521 aE5652GLJb05c20140429 aE5652GLJb05c20140430 aE5765TAJb05c20150128 aE5765TAJb05c2015012814aCultivos asociados.93037014aFrijolxRendimiento.94342914aAgua de lluviaxAprovechamiento92414 aFinding aiduhttp://10.13.5.2/tesis/sist109445.pdfzTeclea aquí aBK cTESIS2ddc n02ddc c105907d105907 00104054718TESISaBCbBCd2014-04-30fTESISl0oTesisp33724002402413r2019-12-31 00:00:00w2019-12-31yTESISzRecien adquirido 00102local4053708TESISaBCbBCcPA_TESISd2014-04-30fTESISl0oTesisp33724002402496r2019-12-31 00:00:00tc.2w2019-12-31yTESIS